Normal view
MARC view
- Customer relations.
Entry Topical Term
001 - CONTROL NUMBER
- control field: 25304
003 - CONTROL NUMBER IDENTIFIER
- control field: NUST
005 - DATE AND TIME OF LATEST TRANSACTION
- control field: 20191106145508.0
008 - FIXED-LENGTH DATA ELEMENTS
- fixed length control field: 191106|| aca||aabn | a|a d
040 ## - CATALOGING SOURCE
- Original cataloging agency: NUST
- Transcribing agency: NUST
150 ## - HEADING--TOPICAL TERM
- Topical term or geographic name entry element: Customer relations.
670 ## - SOURCE DATA FOUND
- Source citation: Work cat.: (NUST)0: Chan, Albert P. C. 25301, Relational contracting for construction excellence :, 2010.
